Sur l'action (notice n° 1579765)
[ vue normale ]
| 000 -LEADER | |
|---|---|
| fixed length control field | 01588cam a2200217 4500500 |
| 005 - DATE AND TIME OF LATEST TRANSACTION | |
| control field | 20251228050106.0 |
| 041 ## - LANGUAGE CODE | |
| Language code of text/sound track or separate title | fre |
| 042 ## - AUTHENTICATION CODE | |
| Authentication code | dc |
| 100 10 - MAIN ENTRY--PERSONAL NAME | |
| Personal name | Macherey, Pierre |
| Relator term | author |
| 245 00 - TITLE STATEMENT | |
| Title | Sur l'action |
| 260 ## - PUBLICATION, DISTRIBUTION, ETC. | |
| Date of publication, distribution, etc. | 2005.<br/> |
| 500 ## - GENERAL NOTE | |
| General note | 56 |
| 520 ## - SUMMARY, ETC. | |
| Summary, etc. | Cet article, sans s’appuyer sur aucune référence particulière, voudrait proposer quelques remarques sur l’action, afin d’en reprofiler le concept, tout en en gardant le caractère « actif », « agissant ». L’idée principale qui s’en dégage est la suivante: quelle que soit sa forme, l’action doit toujours être comprise comme action dans le monde, le monde étant lui-même un complexe d’actions engagé dans un processus de transformation qui, sans commencement ni fin, se trouve toujours en cours. |
| 520 ## - SUMMARY, ETC. | |
| Summary, etc. | This paper, without any specific reference, would make some general suggestions about action, in order to profile again its concept while keeping its « active », « acting » character. The general claim is following: whatever its form is, action must be ever understood as action in-world, the world being itself a complex of actions involved in a process of transformation without beginning or end, and therefore forever in progress. |
| 690 ## - LOCAL SUBJECT ADDED ENTRY--TOPICAL TERM (OCLC, RLIN) | |
| Topical term or geographic name as entry element | Actes sociaux totaux |
| 690 ## - LOCAL SUBJECT ADDED ENTRY--TOPICAL TERM (OCLC, RLIN) | |
| Topical term or geographic name as entry element | Action dans le monde |
| 690 ## - LOCAL SUBJECT ADDED ENTRY--TOPICAL TERM (OCLC, RLIN) | |
| Topical term or geographic name as entry element | Action in-world |
| 690 ## - LOCAL SUBJECT ADDED ENTRY--TOPICAL TERM (OCLC, RLIN) | |
| Topical term or geographic name as entry element | Total social acts |
| 786 0# - DATA SOURCE ENTRY | |
| Note | Archives de philosophie | 68 | 4 | 2005-12-01 | p. 629-635 | 0003-9632 |
| 856 41 - ELECTRONIC LOCATION AND ACCESS | |
| Uniform Resource Identifier | <a href="https://shs.cairn.info/revue-archives-de-philosophie-2005-4-page-629?lang=fr&redirect-ssocas=7080">https://shs.cairn.info/revue-archives-de-philosophie-2005-4-page-629?lang=fr&redirect-ssocas=7080</a> |
Pas d'exemplaire disponible.




Réseaux sociaux